| 000 | 00548 a2200169 4500 | ||
|---|---|---|---|
| 003 | NUST | ||
| 038 | _aa | ||
| 082 | _aBICSE-2 | ||
| 100 |
_a Ali Raza _969936 |
||
| 245 |
_aEnergy Efficient Video Processing _c Ali Raza |
||
| 260 |
_a Islamabad, _bNUST School of Electrical Engineering & Computer Science, _c2008. |
||
| 300 |
_avii, 56 p. _b: ill. _c; 27 cm. + _eCD-ROM |
||
| 500 | _aSupervisors : Dr. Syed Ali Khayam, Dr. Arshad Ali. | ||
| 563 | _aa | ||
| 856 | _uhttp://10.250.8.41:8080/xmlui/handle/123456789/10275 | ||
| 942 |
_cTHE _kBICSE-2 ALI _2ddc |
||
| 999 |
_c9131 _d9131 |
||